| 000 | 00505nam a2200193 a 4500 | ||
|---|---|---|---|
| 001 | 1777282226682 | ||
| 003 | YourLibrary | ||
| 005 | 20260427150503.0 | ||
| 008 | 260427s2006##################000#0#eng## | ||
| 020 | _a9780691127255 | ||
| 082 | 0 | 4 |
_a378.73 _bCHA |
| 100 | 1 |
_aChace, William M., _eauthor. |
|
| 245 | 1 | 0 | _aOne Hundred Semesters : |
| 260 |
_bPrinceton University Press, _c2006. |
||
| 300 | _a368 pages | ||
| 650 | 0 | _aEducation. | |
| 942 | _cENGLISH | ||
| 040 |
_aYourLibrary _beng _cYourLibrary |
||
| 999 |
_c620028 _d620028 |
||